[Event "Lansing July Mini-Swiss.1"]
[Site "Lansing, MI"]
[Date "1998.07.12"]
[Round "1.2"]
[White "Ford, William"]
[Black "Aldrich, Jeff"]
[Result "0-1"]
[WhiteElo "1874"]
[BlackElo "2013"]
[PlyCount "69"]
[EventDate "1998.07.12"]

1. d4 d5 2. Nf3 Nf6 3. c4 c6 4. Nc3 e6 5. Bg5 dxc4 6. e4 b5 7. e5 h6 8. exf6
hxg5 9. fxg7 Bxg7 10. Be2 Nd7 11. Qd2 g4 12. Ng5 Bh6 13. Nce4 f6 14. Nd6+ Kf8
15. Nxe6+ Ke7 16. Nxd8 Bxd2+ 17. Kxd2 Rxd8 18. Nf5+ Kf8 19. Kc3 Nb6 20. Bxg4 a5
21. Rad1 b4+ 22. Kc2 a4 23. Kc1 a3 24. Ne3 Bxg4 25. Nxg4 axb2+ 26. Kxb2 Na4+
27. Kc2 Nc3 28. Ra1 Rxd4 29. Nxf6 Rf4 30. Nd7+ Ke7 31. Ne5 Rxf2+ 32. Kc1 b3 33.
Nxc6+ Kd6 34. Rd1+ Nxd1 35. Kxd1 0-1

[Event "Lansing July Mini-Swiss.1"]
[Site "Lansing, MI"]
[Date "1998.07.12"]
[Round "2.1"]
[White "Aldrich, Jeff"]
[Black "Sobocinski, Mike"]
[Result "0-1"]
[WhiteElo "2013"]
[BlackElo "2030"]
[PlyCount "62"]
[EventDate "1998.07.12"]

1. d4 d5 2. c4 e6 3. Nc3 Nf6 4. Bg5 Be7 5. Nf3 O-O 6. e3 c6 7. Qc2 Nbd7 8. Bd3
h6 9. h4 dxc4 10. Bxc4 Nd5 11. Nxd5 exd5 12. Bd3 Re8 13. Bxe7 Rxe7 14. O-O-O c5
15. Kb1 c4 16. Be2 b5 17. g4 a5 18. Rdg1 b4 19. h5 a4 20. g5 b3 21. Qd2 bxa2+
22. Ka1 Qb6 23. Nh4 hxg5 24. Rxg5 Nf6 25. Rhg1 Rb7 26. Rxg7+ Kf8 27. h6 a3 28.
b4 cxb3 29. Qd3 b2+ 30. Kxa2 Ne4 31. h7 Nc3+ 0-1

[Event "Michigan Amateur"]
[Site "Kalamazoo, Mich."]
[Date "1998.07.18"]
[Round "2"]
[White "Moody, David"]
[Black "Grzegorczyk, Ron"]
[Result "1-0"]
[WhiteElo "1900"]
[BlackElo "1568"]
[PlyCount "29"]
[EventDate "1998.07.18"]

1. e4 c5 2. d4 cxd4 3. c3 dxc3 4. Nxc3 e6 5. Nf3 Nc6 6. Bc4 Be7 7. O-O d6 8.
Qe2 Nf6 9. Rd1 Qc7 10. Bg5 Ne5 11. Nxe5 dxe5 12. Bb5+ Bd7 13. Bxf6 Bxb5 14.
Nxb5 Qb6 15. Bxe7 1-0

[Event "Michigan Amateur"]
[Site "Kalamazoo, Mich."]
[Date "1998.07.18"]
[Round "1"]
[White "Miller, Doug"]
[Black "Moody, David"]
[Result "0-1"]
[WhiteElo "1304"]
[BlackElo "1900"]
[PlyCount "72"]
[EventDate "1998.07.18"]

1. e4 e5 2. Nf3 Nc6 3. Bb5 a6 4. Ba4 Nf6 5. d3 d6 6. O-O Be7 7. c3 O-O 8. Bc2
h6 9. d4 Bg4 10. Qd3 Bxf3 11. Qxf3 exd4 12. Rd1 dxc3 13. Nxc3 Nd7 14. Bf4 Nde5
15. Qg3 Bh4 16. Qe3 Ng4 17. Qf3 Nce5 18. Bxe5 Nxe5 19. Qe2 Qd7 20. f4 Ng6 21.
f5 Ne5 22. Qh5 Qe7 23. g3 Qg5 24. Qxg5 Bxg5 25. Bb3 Rfe8 26. Nd5 Rac8 27. Rf1
Ng4 28. Rae1 Bf6 29. Re2 Bd4+ 30. Kg2 c6 31. h3 cxd5 32. hxg4 dxe4 33. Bd5 b6
34. Rd1 Be5 35. Rxe4 Rc2+ 36. Kh3 Rxb2 0-1

[Event "Michigan Amateur"]
[Site "Kalamazoo, Mich."]
[Date "1998.07.19"]
[Round "4"]
[White "Moore, Robert"]
[Black "Moody, David"]
[Result "0-1"]
[WhiteElo "1600"]
[BlackElo "1900"]
[PlyCount "68"]
[EventDate "1998.07.18"]

1. e4 e5 2. Nf3 Nc6 3. Bb5 a6 4. Ba4 Nf6 5. O-O Be7 6. Re1 b5 7. Bb3 O-O 8. c3
d5 9. exd5 Nxd5 10. Nxe5 Nxe5 11. Rxe5 c6 12. d4 Bd6 13. Re1 Qh4 14. g3 Qh3 15.
Bxd5 cxd5 16. Qf3 Bf5 17. Qg2 Qh5 18. Qxd5 Rad8 19. Qg2 Rfe8 20. Be3 Be4 21. f3
Bxf3 22. Qf2 Re6 23. Nd2 Bc6 24. h4 Rg6 25. Nf1 Qxh4 26. Qh2 Bxg3 27. Qxh4
Bxh4+ 28. Kh2 Bxe1 29. Rxe1 Rg2+ 30. Kh3 Rxb2 31. Ng3 Rxa2 32. Bf4 h6 33. Nf5
Bd7 34. Kg4 g6 0-1

[Event "Michigan Amateur"]
[Site "Kalamazoo, Mich."]
[Date "1998.07.19"]
[Round "5"]
[White "Moody, David"]
[Black "Semerciyan, Mike"]
[Result "1/2-1/2"]
[WhiteElo "1900"]
[BlackElo "1868"]
[PlyCount "78"]
[EventDate "1998.07.18"]

1. e4 e6 2. d4 d5 3. Nc3 Bb4 4. e5 c5 5. a3 Bxc3+ 6. bxc3 Ne7 7. Nf3 h6 8. a4
Qa5 9. Bd2 c4 10. Be2 Bd7 11. O-O Bxa4 12. Qb1 b5 13. Qb2 Nbc6 14. Rfb1 O-O 15.
Qc1 Kh7 16. g4 Qd8 17. g5 Nf5 18. gxh6 gxh6 19. Bxh6 Nxh6 20. Ng5+ Qxg5+ 21.
Qxg5 Rg8 22. f4 Rxg5+ 23. fxg5 Rg8 24. h4 Nf5 25. Kf2 a6 26. Rh1 Nce7 27. Rag1
Kg7 28. Bd1 Kf8 29. h5 a5 30. Ke1 Ne3 31. Kd2 Nxd1 32. Kxd1 Nf5 33. Kd2 Ke7 34.
h6 Rh8 35. g6 fxg6 36. Rxg6 b4 37. h7 bxc3+ 38. Kxc3 Kf7 39. Rf6+ Ke7 1/2-1/2

[Event "U.S. Open"]
[Site "Kona, Hawaii"]
[Date "1998.08.02"]
[Round "2"]
[White "Moody, David"]
[Black "Hanley, Joe"]
[Result "1-0"]
[WhiteElo "1908"]
[BlackElo "2195"]
[PlyCount "101"]
[EventDate "1998.08.01"]

1. e4 e5 2. Nf3 Nc6 3. Bc4 Nf6 4. d4 exd4 5. O-O Nxe4 6. Re1 d5 7. Nc3 dxc4 8.
Rxe4+ Be6 9. Nxd4 Nxd4 10. Rxd4 Bd6 11. Bf4 O-O 12. Bxd6 cxd6 13. Rxd6 Qe7 14.
Qd4 Rfd8 15. Rd1 Rxd6 16. Qxd6 Qxd6 17. Rxd6 Kf8 18. Rd4 Rc8 19. Kf1 Rc5 20.
Ke2 Ke7 21. Kd2 b5 22. a3 h6 23. g3 a5 24. Ne4 Rc6 25. Nc3 Rc5 26. Ne4 Rd5 27.
Ke3 f5 28. Rxd5 Bxd5 29. Nc3 Bc6 30. Kd4 Kd6 31. a4 b4 32. Nb5+ Bxb5 33. axb5
c3 34. bxc3 bxc3 35. Kc4 g5 36. f4 gxf4 37. gxf4 h5 38. h4 Kc7 39. Kxc3 Kb6 40.
Kc4 a4 41. Kb4 a3 42. Kxa3 Kxb5 43. Kb3 Kc5 44. c4 Kc6 45. Kb4 Kb6 46. c5+ Kc6
47. Kc4 Kd7 48. Kd5 Kc7 49. Ke5 Kc6 50. Kxf5 Kxc5 51. Ke6 1-0

[Event "U.S. Open"]
[Site "Kona, Hawaii"]
[Date "1998.08.03"]
[Round "3"]
[White "Nagle, Sean"]
[Black "Moody, David"]
[Result "1-0"]
[WhiteElo "2295"]
[BlackElo "1908"]
[PlyCount "57"]
[EventDate "1998.08.01"]

1. e4 e5 2. f4 d5 3. exd5 e4 4. d3 Nf6 5. dxe4 Nxe4 6. Nf3 Bc5 7. Qe2 Bf5 8.
Nc3 Qe7 9. Be3 Nxc3 10. Bxc5 Qxe2+ 11. Bxe2 Nxe2 12. Kxe2 Na6 13. Ba3 O-O-O 14.
c4 Rhe8+ 15. Kf2 Re4 16. b3 Rxf4 17. Rhe1 b5 18. g3 Re4 19. cxb5 Nb8 20. d6
cxd6 21. Rac1+ Kb7 22. Red1 d5 23. Ng5 f6 24. Nf7 Rd7 25. Nd6+ Rxd6 26. Bxd6 d4
27. Rc7+ Kb6 28. Rc4 Nd7 29. Rcxd4 1-0

[Event "U.S. Open"]
[Site "Kona, Hawaii"]
[Date "1998.08.04"]
[Round "4"]
[White "Moody, David"]
[Black "Dyson, Peter"]
[Result "0-1"]
[WhiteElo "1908"]
[BlackElo "2144"]
[PlyCount "88"]
[EventDate "1998.08.01"]

1. e4 c5 2. d4 cxd4 3. c3 dxc3 4. Nxc3 Nc6 5. Nf3 d6 6. Bc4 a6 7. O-O Nf6 8.
Bg5 e6 9. Qe2 h6 10. Bh4 g5 11. Bg3 Nh5 12. Rfd1 Nxg3 13. hxg3 g4 14. Nh4 Ne5
15. Bb3 Qg5 16. Na4 Bd7 17. Nb6 Rd8 18. Nxd7 Rxd7 19. Rac1 Nc6 20. Ba4 Bg7 21.
Rxc6 bxc6 22. Bxc6 Ke7 23. Bxd7 Kxd7 24. Qxa6 Qc5 25. b4 Qc6 26. Qa7+ Qc7 27.
Qa4+ Ke7 28. b5 Rc8 29. Qb4 Qc5 30. Qxc5 dxc5 31. Kf1 c4 32. Ke2 Ra8 33. Rd2 c3
34. Rc2 Kd6 35. f4 Bd4 36. Kd3 Kc5 37. f5 Rd8 38. fxe6 fxe6 39. a4 Kb4 40. Ng6
Kxa4 41. Nf4 Be5+ 42. Ke2 Kb3 43. Nxe6 Kxc2 44. Nxd8 Kb1 0-1

[Event "U.S. Open"]
[Site "Kona, Hawaii"]
[Date "1998.08.05"]
[Round "5"]
[White "Ho, Matthew"]
[Black "Moody, David"]
[Result "0-1"]
[WhiteElo "1572"]
[BlackElo "1908"]
[PlyCount "128"]
[EventDate "1998.08.01"]

1. e4 e5 2. Nf3 Nc6 3. Bc4 Nf6 4. Nc3 Nxe4 5. Nxe4 d5 6. Bd3 dxe4 7. Bxe4 Bd6
8. O-O Bg4 9. h3 Bh5 10. d3 O-O 11. Be3 f5 12. Bd5+ Kh8 13. c3 Qe7 14. Qc2 Bxf3
15. Bxf3 e4 16. dxe4 Qe5 17. Rfe1 Qh2+ 18. Kf1 Ne5 19. Ke2 Nxf3 20. gxf3 fxe4
21. Qxe4 Rae8 22. Qd3 Qxh3 23. Kd2 Qxf3 24. Rh1 Qe4 25. Qxe4 Rxe4 26. Kd3 Ree8
27. Rh3 Bf4 28. Rah1 h6 29. Bd4 b6 30. Rg1 Rf7 31. Rf3 Kg8 32. Rxg7+ Rxg7 33.
Bxg7 Kxg7 34. Rxf4 Rd8+ 35. Kc2 h5 36. Re4 Rd7 37. Rh4 Kg6 38. Re4 Rf7 39. Re2
h4 40. f4 Rxf4 41. Rh2 Kf5 42. Kd3 Kg4 43. Ke3 Kg3 44. Rh1 Rf3+ 45. Ke4 Rf2 46.
Rb1 h3 47. Ke3 h2 48. Rh1 Rg2 49. Rf1 Rg1 50. Rf8 Re1+ 51. Kd2 h1=Q 52. Rg8+
Kf4 53. Rf8+ Kg5 54. Rg8+ Kf6 55. Rf8+ Kg7 56. Rf2 Qe4 57. Rh2 Qf4+ 58. Kxe1
Qxh2 59. Kd1 Qxb2 60. c4 Kf6 61. a4 Ke5 62. c5 Ke4 63. cxb6 Kd3 64. bxa7 Qd2#
0-1

[Event "U.S. Open"]
[Site "Kona, Hawaii"]
[Date "1998.08.06"]
[Round "6"]
[White "Simon, Jerry"]
[Black "Moody, David"]
[Result "1-0"]
[WhiteElo "2259"]
[BlackElo "1908"]
[PlyCount "57"]
[EventDate "1998.08.01"]

1. d4 Nf6 2. Nf3 g6 3. c4 Bg7 4. Nc3 O-O 5. e4 d6 6. Be2 e5 7. O-O Nc6 8. d5
Ne7 9. Bg5 h6 10. Bxf6 Bxf6 11. b4 c6 12. Rc1 b5 13. Qd2 bxc4 14. Qxh6 cxd5 15.
exd5 Nf5 16. Qd2 Nd4 17. Ne4 Bg7 18. Nxd4 exd4 19. Bxc4 Qh4 20. Nxd6 Be5 21. g3
Qh3 22. Ne4 Bb7 23. Qg5 Bg7 24. Rfe1 Bh6 25. Nf6+ Kh8 26. Qe5 Bxc1 27. Rxc1 Qh6
28. Rd1 Qg7 29. Rxd4 1-0

[Event "U.S. Open"]
[Site "Kona, Hawaii"]
[Date "1998.08.07"]
[Round "7"]
[White "Moody, David"]
[Black "Lehrer, Ben"]
[Result "1-0"]
[WhiteElo "1908"]
[BlackElo "1497"]
[PlyCount "63"]
[EventDate "1998.08.01"]

1. e4 e6 2. d4 d5 3. Nc3 Nf6 4. Bg5 Be7 5. e5 Nfd7 6. h4 h6 7. Bxe7 Qxe7 8. Qg4
Kf8 9. Bd3 c5 10. Nf3 Nc6 11. Qf4 cxd4 12. Nb5 f6 13. exf6 Nxf6 14. Nbxd4 Bd7
15. Nxc6 Bxc6 16. Ne5 Be8 17. h5 Kg8 18. Bg6 Qc7 19. O-O-O Rc8 20. c3 Qa5 21.
Kb1 Qb6 22. Rh3 Qc7 23. Rdd3 Ng4 24. Qxg4 Qxe5 25. Rde3 Bxg6+ 26. hxg6 Qf5+ 27.
Qxf5 exf5 28. Re7 Kf8 29. Rhe3 h5 30. Rf7+ Kg8 31. Ree7 Rh6 32. Rxg7+ 1-0

[Event "U.S. Open"]
[Site "Kona, Hawaii"]
[Date "1998.08.08"]
[Round "8"]
[White "Moody, David"]
[Black "Van Ossterom, Henny"]
[Result "0-1"]
[WhiteElo "1908"]
[BlackElo "2179"]
[PlyCount "92"]
[EventDate "1998.08.01"]

1. e4 c5 2. d4 cxd4 3. c3 d5 4. exd5 Qxd5 5. cxd4 Nc6 6. Nc3 Qxd4 7. Bd2 Bg4 8.
Nf3 Qd7 9. Bb5 a6 10. Ba4 e6 11. h3 Bxf3 12. Qxf3 Bd6 13. O-O Nge7 14. Rfd1 Qc7
15. Rac1 O-O 16. Ne4 Be5 17. Nc5 Rad8 18. Nxb7 Qxb7 19. Bxc6 Nxc6 20. Qxc6 Qxc6
21. Rxc6 Bxb2 22. Kf1 Rd5 23. Rc2 Rb8 24. Rb1 Rdb5 25. a4 R5b6 26. Bc1 Bd4 27.
Rxb6 Bxb6 28. Bf4 Ra8 29. Rc6 Bd4 30. Ke2 g6 31. f3 Kg7 32. Kd3 Ba1 33. Kc4 Kf6
34. Kb4 Be5 35. Bxe5+ Kxe5 36. Ka5 Kf4 37. Rc7 f5 38. Rxh7 e5 39. h4 e4 40.
fxe4 fxe4 41. Rg7 Re8 42. Rxg6 e3 43. Rf6+ Kg3 44. Rf1 Kxg2 45. Re1 Kf2 46.
Rxe3 Kxe3 0-1

[Event "U.S. Open"]
[Site "Kona, Hawaii"]
[Date "1998.08.09"]
[Round "9"]
[White "Lynch, Brandon"]
[Black "Moody, David"]
[Result "1/2-1/2"]
[WhiteElo "1561"]
[BlackElo "1908"]
[PlyCount "38"]
[EventDate "1998.08.01"]

1. c4 Nf6 2. Nc3 g6 3. g3 Bg7 4. Bg2 O-O 5. Nf3 d6 6. O-O e5 7. d3 Nc6 8. Bd2
Be6 9. h3 Qd7 10. Ng5 Nh5 11. Nxe6 fxe6 12. Rb1 Rae8 13. b4 Nf6 14. Ne4 Nxe4
15. Bxe4 d5 16. Bg2 Ne7 17. Qb3 c6 18. Be3 b6 19. Bd2 Kh8 1/2-1/2

[Event "Michigan Open"]
[Site "Flint, Mich."]
[Date "1998.09.04"]
[Round "1"]
[White "Ward, Tom"]
[Black "Moody, David"]
[Result "1-0"]
[WhiteElo "2202"]
[BlackElo "1911"]
[PlyCount "53"]
[EventDate "1998.09.04"]

1. e4 e5 2. Bc4 Nf6 3. Qe2 Nc6 4. Nf3 Be7 5. c3 O-O 6. O-O d5 7. exd5 Nxd5 8.
Nxe5 Nxe5 9. Qxe5 Nf6 10. d4 Bd6 11. Qg5 Re8 12. f3 h6 13. Qh4 Bf5 14. Bf4 Bxf4
15. Qxf4 Bg6 16. Qg3 Nd5 17. Nd2 Ne3 18. Rfe1 Qf6 19. Ne4 Rxe4 20. fxe4 Nxc4
21. Qxc7 Nxb2 22. Qxb7 Re8 23. Qxb2 Bxe4 24. Qb5 Re6 25. Re3 Qf4 26. Rae1 Bc6
27. Qf1 1-0

[Event "Michigan Open"]
[Site "Flint, Mich."]
[Date "1998.09.05"]
[Round "2"]
[White "Moody, David"]
[Black "McCarter, Robert"]
[Result "1/2-1/2"]
[WhiteElo "1911"]
[BlackElo "1606"]
[PlyCount "45"]
[EventDate "1998.09.04"]

1. e4 c5 2. d4 cxd4 3. c3 Nf6 4. e5 Nd5 5. Nf3 Nc6 6. cxd4 e6 7. Bc4 Nb6 8. Bb3
d6 9. exd6 Qxd6 10. O-O Be7 11. Nc3 a6 12. Be3 Nb4 13. Rc1 O-O 14. Ne4 Qd8 15.
Qe2 N6d5 16. Rfd1 b6 17. a3 Nxe3 18. fxe3 Nd5 19. Ne5 Bb7 20. Nc6 Qd7 21. Ne5
Qd8 22. Nc6 Qd7 23. Ne5 1/2-1/2

[Event "Michigan Open Reserve"]
[Site "Flint, MI"]
[Date "1998.09.05"]
[Round "3"]
[White "James, Larry"]
[Black "Neshewat, Michael"]
[Result "1/2-1/2"]
[WhiteElo "1610"]
[BlackElo "1750"]
[PlyCount "180"]
[EventDate "1998.09.??"]

1. e4 e5 2. f4 exf4 3. Nf3 d6 4. Bc4 Be6 5. Qe2 Nd7 6. d4 Nb6 7. Bxe6 fxe6 8.
Bxf4 h6 9. O-O Qd7 10. Nbd2 O-O-O 11. Nc4 Nxc4 12. Qxc4 Nf6 13. Nd2 g5 14. Bxg5
hxg5 15. Rxf6 d5 16. exd5 exd5 17. Qd3 Bd6 18. Nf3 Rh5 19. Qf5 Rdh8 20. Qxd7+
Kxd7 21. Rf1 Bf4 22. Re1 Bxh2+ 23. Nxh2 Rxh2 24. Re5 g4 25. Rxd5+ Ke7 26. Rg6
Rh1+ 27. Kf2 Rf8+ 28. Kg3 Rc1 29. c3 Rc2 30. Rxg4 Rff2 31. Re4+ Kf6 32. Rf4+
Rxf4 33. Kxf4 Rxg2 34. Rb5 b6 35. Ke3 a6 36. Rb3 Kf5 37. Kd3 Rg3+ 38. Kc4 Ke6
39. Kb4 Kd6 40. c4 Rg5 41. Rc3 a5+ 42. Ka3 c6 43. Ka4 Rg4 44. Rd3 c5 45. dxc5+
Kxc5 46. b3 Rh4 47. Ka3 Rh2 48. Rd5+ Kc6 49. Rb5 Rg2 50. Rf5 Rh2 51. Rf1 Rg2
52. Rb1 Kc5 53. Rb2 Rg4 54. Rd2 Rh4 55. Kb2 Rh5 56. Kc3 Rh3+ 57. Rd3 Rh1 58.
Rd5+ Kc6 59. Rd2 Kc5 60. a3 Rh3+ 61. Rd3 Rh1 62. b4+ Kc6 63. bxa5 bxa5 64. Kb3
Rh8 65. Rd5 Rh3+ 66. Ka4 Kb6 67. Rb5+ Kc6 68. Rxa5 Rh1 69. Rb5 Rc1 70. Rb4 Kc5
71. Ka5 Rc3 72. a4 Ra3 73. Rb8 Kxc4 74. Rc8+ Kd5 75. Kb5 Rb3+ 76. Ka6 Kd6 77.
a5 Kd7 78. Rc4 Rb2 79. Ka7 Rb1 80. a6 Rb2 81. Rh4 Kc8 82. Rh8+ Kc7 83. Rh7+ Kc8
84. Rb7 Ra2 85. Rb5 Rc2 86. Ka8 Rc3 87. Ka7 Rc1 88. Kb6 Kb8 89. Ka5+ Ka7 90.
Rb7+ Ka8 1/2-1/2

[Event "Michigan Open"]
[Site "Flint, Mich."]
[Date "1998.09.05"]
[Round "3"]
[White "Garrison, Ray"]
[Black "Moody, David"]
[Result "0-1"]
[WhiteElo "1874"]
[BlackElo "1911"]
[PlyCount "28"]
[EventDate "1998.09.04"]

1. e4 e5 2. f4 d5 3. Nc3 Nf6 4. d3 Bb4 5. fxe5 Nxe4 6. dxe4 Qh4+ 7. Ke2 Bg4+ 8.
Nf3 Bxc3 9. g3 Bxf3+ 10. Kxf3 Qxe4+ 11. Kf2 Bd4+ 12. Qxd4 Qxd4+ 13. Be3 Qxb2
14. Kf3 Nc6 0-1

[Event "Michigan Open Reserve"]
[Site "Flint, MI"]
[Date "1998.09.06"]
[Round "5"]
[White "al-Shareef, Robert"]
[Black "James, Larry"]
[Result "0-1"]
[WhiteElo "1770"]
[BlackElo "1610"]
[PlyCount "72"]
[EventDate "1998.09.??"]

1. Nf3 Nf6 2. d4 d5 3. Bf4 e6 4. e3 c5 5. c3 Nc6 6. Bd3 Bd6 7. Ne5 Qc7 8. Nxc6
bxc6 9. Bxd6 Qxd6 10. Nd2 a5 11. Qa4 O-O 12. Rc1 c4 13. Bb1 Bd7 14. Qc2 c5 15.
g4 cxd4 16. cxd4 g6 17. g5 Ne4 18. f3 Nxd2 19. Qxd2 Qb4 20. h4 Rfb8 21. Rh2
Qxd2+ 22. Rxd2 Rb4 23. Rh2 Rab8 24. Rcc2 a4 25. h5 a3 26. hxg6 fxg6 27. b3 cxb3
28. Rc7 bxa2 29. Bxa2 Rb2 30. Rxb2 Rxb2 31. Rxd7 Rxa2 32. Ra7 Ra1+ 33. Kf2 a2
34. e4 Rh1 35. exd5 exd5 36. Kg2 a1=Q 0-1

[Event "Michigan Open Reserve"]
[Site "Flint, MI"]
[Date "1998.09.06"]
[Round "4"]
[White "Neshewat, Michael"]
[Black "Carr, Jay"]
[Result "1-0"]
[WhiteElo "1750"]
[BlackElo "1645"]
[PlyCount "123"]
[EventDate "1998.09.??"]

1. e4 c5 2. Nf3 Nf6 3. e5 Nd5 4. c4 Nb6 5. Be2 e6 6. O-O d5 7. cxd5 exd5 8. d4
c4 9. Nc3 Be7 10. Be3 Be6 11. h3 Nc6 12. a3 h6 13. Nh2 Qd7 14. Bh5 O-O-O 15.
Bg4 Bxg4 16. Nxg4 h5 17. Nh2 g5 18. f4 Rdg8 19. f5 f6 20. e6 Qc7 21. Kh1 Bd6
22. Bg1 Ne7 23. Nb5 Qb8 24. Nxd6+ Qxd6 25. Qc2 g4 26. h4 Kb8 27. Be3 Ka8 28.
Bf4 Qc6 29. g3 Rc8 30. Rfc1 Qa4 31. Qb1 Rc6 32. Nf1 Nbc8 33. Ne3 Nd6 34. Bxd6
Rxd6 35. Qc2 Qb5 36. Rab1 Rc6 37. Qe2 Qb6 38. Qd2 Qc7 39. Kg2 Rc8 40. Rc3 Qd6
41. Kh2 b5 42. Qg2 a5 43. Rcc1 Ka7 44. Qd2 Kb6 45. Kg2 b4 46. axb4 Qxb4 47. Qf2
Ra8 48. Nc2 Qd6 49. Ne3 Kc7 50. Ra1 Rca6 51. Qd2 a4 52. Ra3 Kb7 53. Rca1 Kc6
54. Qc2 Qb4 55. Kf2 Kc7 56. Nd1 Nc8 57. Nc3 Nb6 58. Qe2 Kd8 59. R1a2 Ke8 60.
Qe3 Qf8 61. Qf4 R6a7 62. Nb5 1-0

[Event "Michigan Open Reserve"]
[Site "Flint, MI"]
[Date "1998.09.06"]
[Round "4"]
[White "James, Larry"]
[Black "Yufa, Leonid"]
[Result "1-0"]
[WhiteElo "1610"]
[BlackElo "1675"]
[PlyCount "83"]
[EventDate "1998.09.??"]

1. e4 c5 2. Nf3 d6 3. d4 cxd4 4. Nxd4 a6 5. Nc3 Nf6 6. Bg5 e6 7. f4 Be7 8. Qf3
Nbd7 9. O-O-O O-O 10. Nb3 Qc7 11. Bd3 b5 12. g4 Bb7 13. Qh3 b4 14. Bxf6 Nxf6
15. g5 Ne8 16. Ne2 e5 17. Rhg1 Qc8 18. f5 g6 19. Qg4 Qd7 20. h4 f6 21. Bc4+ Kh8
22. Be6 Qc7 23. h5 gxh5 24. Qxh5 Bxe4 25. Rd2 Ng7 26. Qg4 Nxe6 27. gxf6 Bxf6
28. Qxe4 Ng5 29. Qd5 Rac8 30. Ng3 Nh3 31. Rh1 Nf4 32. Qxd6 Qc4 33. Rdh2 Nh3 34.
Kb1 Ng5 35. Nh5 Qc6 36. Nxf6 Rxf6 37. Qxe5 Qd6 38. Qxd6 Rxd6 39. Rh5 h6 40.
Rxh6+ Rxh6 41. Rxh6+ Kg7 42. Rg6+ 1-0

[Event "Michigan Open Reserve"]
[Site "Flint, MI"]
[Date "1998.09.07"]
[Round "6"]
[White "Pionter, G."]
[Black "Rotberg, Victor"]
[Result "0-1"]
[WhiteElo "1650"]
[BlackElo "1745"]
[PlyCount "114"]
[EventDate "1998.09.??"]

1. c4 c5 2. Nc3 Nc6 3. Nf3 Nf6 4. g3 g6 5. Bg2 Bg7 6. O-O O-O 7. d3 d6 8. a3
Rb8 9. Rb1 Be6 10. Ng5 Bd7 11. Bf4 Qc8 12. Nce4 Ne8 13. b4 h6 14. Nf3 e5 15.
Be3 f5 16. b5 fxe4 17. bxc6 Bxc6 18. Nh4 Kh7 19. Bxe4 Bxe4 20. dxe4 Qh3 21. Qd3
Nf6 22. f3 Rfd8 23. Rb3 Qd7 24. Rd1 Qe6 25. Rdb1 Qd7 26. Qc2 Qc6 27. Rd3 Nd7
28. a4 Nf8 29. a5 Ne6 30. Qd2 Nd4 31. Ra3 Qc8 32. Ra2 Qc6 33. Rab2 Qa6 34. Bxd4
cxd4 35. Rb5 Qc6 36. Qb4 Rd7 37. Ng2 Rc7 38. Rc1 h5 39. Ne1 Bh6 40. Rc2 Qd7 41.
Nd3 Qh3 42. Qxd6 Be3+ 43. Nf2 Bxf2+ 44. Kxf2 Qxh2+ 45. Ke1 Qxg3+ 46. Kd1 Rbc8
47. Qxe5 Qg1+ 48. Kd2 Qe3+ 49. Kd1 Kh6 50. c5 d3 51. exd3 Qxd3+ 52. Rd2 Qxb5
53. Qf4+ Kh7 54. Rd6 Qxc5 55. Qf6 Qc1+ 56. Ke2 Rc2+ 57. Kd3 Qd2# 0-1

[Event "Michigan Open Reserve"]
[Site "Flint, MI"]
[Date "1998.09.07"]
[Round "7"]
[White "Neshewat, Michael"]
[Black "Rotberg, Victor"]
[Result "0-1"]
[WhiteElo "1750"]
[BlackElo "1745"]
[PlyCount "142"]
[EventDate "1998.09.??"]

1. e4 e6 2. d4 d5 3. Nc3 Nf6 4. Bg5 Be7 5. e5 Nfd7 6. Bxe7 Qxe7 7. Nf3 a6 8. g3
c5 9. dxc5 Qxc5 10. Qe2 Nc6 11. O-O-O Nb6 12. Qe3 Qxe3+ 13. fxe3 Nd7 14. e4
dxe4 15. Nxe4 Ndxe5 16. Nxe5 Nxe5 17. Nd6+ Ke7 18. Bg2 Nc6 19. Rd2 e5 20. Bf3
f5 21. Bxc6 bxc6 22. Nxc8+ Raxc8 23. Rd3 c5 24. Rd5 Ke6 25. Rhd1 Rc6 26. Rd7 g6
27. Ra7 f4 28. Rdd7 Kf5 29. gxf4 exf4 30. Rf7+ Kg4 31. Rad7 Re6 32. h3+ Kf3 33.
Rd1 Kg3 34. Rd3+ Re3 35. Rxe3+ fxe3 36. Kd1 Kxh3 37. Re7 Kg3 38. Rxe3+ Kf4 39.
Ke2 h5 40. Rf3+ Ke4 41. Kf2 Rd8 42. Re3+ Kf4 43. Rf3+ Kg4 44. Rg3+ Kf5 45. Rf3+
Kg5 46. Rg3+ Kh6 47. Rc3 Rd5 48. a3 h4 49. b4 cxb4 50. axb4 Rd6 51. Rh3 Kh5 52.
c4 Rd2+ 53. Ke1 Rb2 54. Rc3 Rxb4 55. c5 Rb7 56. c6 Rc7 57. Kf2 g5 58. Kf3 a5
59. Ke4 Kg4 60. Kd5 h3 61. Kd6 h2 62. Rc1 Rxc6+ 63. Kxc6 Kf3 64. Ra1 g4 65.
Ra3+ Kg2 66. Ra2+ Kh3 67. Ra3+ g3 68. Ra1 g2 69. Ra3+ Kg4 70. Ra4+ Kg5 71.
Rxa5+ Kg6 0-1

[Event "Michigan Open"]
[Site "Flint, Mich."]
[Date "1998.09.07"]
[Round "7"]
[White "Moody, David"]
[Black "Hartwig, Thomas"]
[Result "1/2-1/2"]
[WhiteElo "1911"]
[BlackElo "2049"]
[PlyCount "44"]
[EventDate "1998.09.04"]

1. e4 c5 2. d4 cxd4 3. c3 dxc3 4. Nxc3 Nc6 5. Nf3 e6 6. Bc4 a6 7. O-O Nge7 8.
Bg5 f6 9. Bf4 Ng6 10. Bg3 b5 11. Bb3 Bc5 12. Nd5 O-O 13. Bc7 Qe8 14. Rc1 Ba7
15. Nb6 Bxb6 16. Bxb6 Bb7 17. Qd6 Nge5 18. Nxe5 Nxe5 19. f4 Nc4 20. Bxc4 bxc4
21. Rxc4 Bc6 22. Rfc1 Qg6 1/2-1/2

[Event "Cadillac Marathon"]
[Site "Cadillac, MI"]
[Date "1998.09.26"]
[Round "4"]
[White "Anderson, Gale"]
[Black "Townsend, Paul"]
[Result "0-1"]
[WhiteElo "1773"]
[BlackElo "1937"]
[PlyCount "62"]
[EventDate "1998.??.??"]

1. e4 e6 2. d4 b6 3. Nd2 Bb7 4. b3 Nf6 5. Bd3 Bb4 6. Qe2 Bc3 7. Rb1 Bxd4 8.
Ngf3 Bc3 9. O-O Bxd2 10. Bxd2 d6 11. Bg5 h6 12. Bh4 e5 13. Rbd1 Qe7 14. Rd2
Nbd7 15. b4 a5 16. a3 axb4 17. axb4 Qd8 18. Rb1 Ra3 19. h3 Qa8 20. c4 Nxe4 21.
Bxe4 Bxe4 22. Rbd1 Bxf3 23. gxf3 Qxf3 24. Qxf3 Rxf3 25. c5 bxc5 26. Ra2 O-O 27.
bxc5 Nxc5 28. Kg2 Rb3 29. Rc2 Rfb8 30. Rdd2 Ne6 31. Rc6 Nf4+ 0-1

[Event "Cadillac Marathon"]
[Site "Cadillac, MI"]
[Date "1998.09.26"]
[Round "3"]
[White "Anderson, Gale"]
[Black "Mayer, Raymond"]
[Result "1-0"]
[WhiteElo "1773"]
[BlackElo "1341"]
[PlyCount "97"]
[EventDate "1998.??.??"]

1. e4 e5 2. Nf3 Nc6 3. Nc3 d6 4. d3 Nf6 5. h3 Be7 6. Be3 Be6 7. Be2 d5 8. exd5
Nxd5 9. Bd2 Qd7 10. Nxd5 Bxd5 11. Bc3 Bd6 12. Qd2 O-O-O 13. a3 f5 14. O-O-O h6
15. Rhe1 g5 16. Bf1 Rde8 17. Re2 e4 18. Nd4 Bf4 19. Re3 Bxe3 20. fxe3 Nxd4 21.
Bxd4 Qa4 22. Qf2 Rhf8 23. Bg7 Rf7 24. Bxh6 Rg8 25. h4 gxh4 26. Bf4 Qc6 27. d4
Bc4 28. g3 Bxf1 29. Rxf1 Rfg7 30. Be5 Rf7 31. gxh4 Qg6 32. Bf4 Qg2 33. Qe1 Qg7
34. h5 Qf8 35. Qa5 Kb8 36. Rh1 Rh8 37. b4 Qe8 38. Kb2 Qc6 39. h6 Rhh7 40. Qe5
Qd7 41. Rg1 b6 42. Rg8+ Kb7 43. Rg6 Re7 44. Qf6 Rhf7 45. Qg5 Rh7 46. Be5 Re6
47. Qxf5 Rxg6 48. Qxg6 Qf7 49. Qxe4+ {[Remainder unavailable]} 1-0

[Event "Michigan Action"]
[Site "Detroit, MI"]
[Date "1998.12.13"]
[Round "5"]
[White "Wiener, Jack"]
[Black "Scott, Tyron"]
[Result "1-0"]
[WhiteElo "1435"]
[BlackElo "1345"]
[PlyCount "117"]
[EventDate "1998.12.13"]

1. d4 Nf6 2. c4 g6 3. Nc3 d5 4. cxd5 Nxd5 5. e4 Nxc3 6. bxc3 c5 7. Bb5+ Bd7 8.
Bc4 Bg7 9. Nf3 Nc6 10. O-O cxd4 11. Nxd4 Na5 12. Bd3 Rc8 13. Bd2 Nc4 14. Bf4 e5
15. Qe2 Nb6 16. Nb5 Qe7 17. Bg3 a6 18. Qe3 Nc4 19. Bxc4 Rxc4 20. Bh4 f6 21. Na7
b5 22. Qb6 O-O 23. Qxa6 Qc5 24. Rad1 Bg4 25. Rd5 Qc7 26. Nxb5 Qc8 27. Qxc8
Rfxc8 28. Nd6 Rxc3 29. Nxc8 Rxc8 30. f3 Be6 31. Ra5 Bh6 32. Bxf6 Be3+ 33. Kh1
Kf7 34. Bxe5 Rc2 35. a3 g5 36. Rb1 h5 37. h3 g4 38. hxg4 hxg4 39. fxg4 Bxg4 40.
Rf1+ Rf2 41. Rxf2+ Bxf2 42. Bf4 Be1 43. Rg5 Bd1 44. Kh2 Ke6 45. Rg6+ Kf7 46.
Rd6 Ba4 47. e5 Bh4 48. Kh3 Be7 49. Ra6 Bd7+ 50. Kg3 Bc5 51. Kf3 Bg1 52. g4 Bd4
53. g5 Bb5 54. e6+ Ke8 55. Rd6 Ke7 56. Rxd4 Kxe6 57. Rb4 Be8 58. Re4+ Kf7 59.
Rxe8 1-0